Normal view
MARC view
- McKay, Herbert Couchman
Entry Personal Name
001 - CONTROL NUMBER
- control field: 46380
003 - CONTROL NUMBER IDENTIFIER
- control field: NUST
005 - DATE AND TIME OF LATEST TRANSACTION
- control field: 20210314133519.0
008 - FIXED-LENGTH DATA ELEMENTS
- fixed length control field: 210314|| aca||aabn | a|a d
040 ## - CATALOGING SOURCE
- Original cataloging agency: NUST
- Transcribing agency: NUST
100 ## - HEADING--PERSONAL NAME
- Personal name: McKay, Herbert Couchman
670 ## - SOURCE DATA FOUND
- Source citation: Work cat.: (NUST): McKay, Herbert Couchman,, Movie making for the beginner,, [c1939]
